000 01153nam0a22003011 4500
001 rc\573067
005 20250621170812.0
035 _a(NLR Aleph) 005821452
090 _a5483993
_c5483993
100 _a20031121d1987 |||y0rusy50 ca
101 0 _arus
102 _aRU
105 _ay |||||||||
200 1 _aИсток
_eСтихотворения и поэма
_fШаид Рашидов
_gАвториз. пер. с чеч. В. Кузнецова
210 _aМ.
_cСовременник
_d1987
215 _a63 с.
_d17
225 1 _aНовинки "Современника"
300 _aПеред. вып. дан. авт.: Шаид Рашидович Рашидов
327 1 _aСодерж.: Стихотворения; Поле жизни: Поэма
464 0 _12001#$aСтихотворения
_tСтихотворения
464 0 _12001#$aПоле жизни
_tПоле жизни
700 1 _aРашидов
_bШ.
_f1940-
_gШаид
702 1 _aКузнецов
_bВ.П.
_gВадим Петрович
_4730
801 0 _aRU
_bNLR
_gpsbo
801 1 _aRU
_bELAR
_2rusmarc
852 _aNLR
_j87-2/1003
942 _cBOOK
980 _aNB